000
00295nam a22001337a 4500
003
SGT
020
_a
9781498783149
082
_a
613.2
_b
PAT
100
_a
PATHAK YASHWANT
245
_a
HANDBOOK OF NUTRACEUTICAL
260
_a
LONDON
_b
CRC PRESS PUB
_c
2026
300
_a
382
942
_2
ddc
_c
BK
999
_c
34467
_d
34467